000 00846cab a2200277 4500
001 WB3141-45
008 090401t1995 xxu||||| |||| 00| 0 eng d
035 _a(Sirsi) u15133
041 _aeng
245 _aAccess to shopping malls
260 _c1995
350 _a0
490 _aEstates Gazette
_v(9543) 28 October 1995, 130(1)
520 _aExamines the case of "CIN properties Ltd v Rawlins" 1995 in which the headlessee of a shopping mall sought to exclude individuals who, while not breaking the law, were a nuisance.
650 _aCIN PROPERTIES LTD V RAWLINS
650 _aEXCLUSION
650 _aNUISANCE
650 _aPUBLIC ACCESS
650 _aPUBLIC RIGHTS OF WAY
650 _aSHOPPING CENTRES
650 _aSHOPPING MALLS
650 _aWALKWAYS AGREEMENT
690 _aLAW
942 _n0
948 _c04/03/1997
999 _c9889
_d9889